| 000 | 00815cam a22002533a 4500 | ||
|---|---|---|---|
| 001 | 16423 | ||
| 003 | PGUSA | ||
| 005 | 20140828083341.0 | ||
| 008 | 050803s2005||||xxu|||||s|||||000 | eng d | ||
| 040 |
_aPGUSA _beng |
||
| 042 | _adc | ||
| 050 | 4 | _aBX | |
| 100 | 1 |
_aWard, Samuel, _d1577-1640 |
|
| 245 | 1 | 2 |
_aA Coal From The Altar, To Kindle The Holy Fire of Zeale : _bIn a Sermon Preached at a Generall Visitation at Ipswich _h[electronic resource] / _cSamuel Ward |
| 260 |
_bProject Gutenberg, _c2005 |
||
| 506 | _aPublic domain in the USA. | ||
| 516 | _aElectronic text | ||
| 653 | _aSermons, English -- 17th century | ||
| 653 | _aPiety -- Sermons | ||
| 653 | _aBible. Revelation III, 19 -- Sermons | ||
| 830 | 0 |
_aProject Gutenberg _v16423 |
|
| 856 | 4 | 0 | _uhttp://www.gutenberg.org/ebooks/16423 |
| 942 | _cEB | ||
| 999 |
_c245678 _d245678 |
||